000 00971nam a22002057a 4500
999 _c57232
_d57232
003 Ge_BSU
005 20200124143438.0
008 200124s2019 ||||| |||| 00| 0 geo d
020 _a9789941265228
041 _ageo
080 _a34(479.22)(09)+321.7(479.22)დ-72
100 _aდოლიძე,ანა.
_96358
245 _aპირველი ნაბიჯები :
_bსასამართლო ხელისუფლება საქართველოს დემოკრატიულ რესპუბლიკაში (1918-1921) /
_cანა დოლიძე ; ფოტ. ბაადურ ქობალიანის.
264 _aთბილისი :
_bუნივერსალი,
_c2019.
300 _a153 გვ.:
_c20 სმ.
653 _aსამართალი
653 _aპოლიტიკა
700 _aქობალიანი, ბაადურ.
_eფოტო
_96359
942 _2udc
_cBK